| 000 | 00681nam a2200205Ia 4500 | ||
|---|---|---|---|
| 003 | GCL | ||
| 008 | 140319s9999 xx 000 0 ara d | ||
| 040 |
_aGCL / _cGCL |
||
| 082 | 0 | 4 |
_a658.835 _bم م |
| 100 | 1 | _aمنظمة الصحة العالمية | |
| 245 | 1 | 0 |
_aالمدونة الدولية لقواعد تسويق بدائل لبن الام / _cمنظمة الصحة العالمية |
| 300 | _a41 ص | ||
| 490 |
_aالهيئة العامة للاستعلامات _v0 |
||
| 650 | 0 | 4 | _aالتسويق |
| 650 | 0 | 4 | _aالسلع |
| 650 | 0 | 4 | _aادارة المبيعات |
| 650 | 0 | 4 | _aالباعة وفن البيع |
| 650 | 0 | 4 | _aبحوث التسويق |
| 942 |
_2ddc _cBK |
||
| 999 |
_c50486 _d50486 |
||